| 000 | 01217njm a22002657a 4500 | ||
|---|---|---|---|
| 005 | 20100903122332.0 | ||
| 006 | a|||||r|||||00| 0 | ||
| 007 | sd ammalaaahaa | ||
| 008 | 100903t xxu||||| |||| 00| 0 eng d | ||
| 028 |
_aH. 1226-G _bHindusthan Record |
||
| 035 | _aGR-456 | ||
| 040 |
_aSED _cSED |
||
| 100 |
_917690 _aSaigal, K.L. |
||
| 245 |
_aHindustani Shah Jehan/ _cby K.L. Saigal; music by Naushad; composed by Khumar _h[Sound Recording] : |
||
| 246 | _aहिन्दुस्तानी शाह जेहन / | ||
| 260 |
_aDum Dum India _bHindusthan Record |
||
| 300 |
_a1 sound disc (Gramophone Recording) _banalog 33 1/3 rpm _c9.5 in. (MP) _fGramophone Record |
||
| 500 | _aBrief Record | ||
| 505 | _aSide1- आये डोले बेकरार झूम (Aaye Dole Bekrar Jhoom) (K. L. Saigal) -- Side 2- चाह बर्बाद करेंगे हमें मालूम नथा (Chaha Brbaad Karenge Hamein Maloom Ntha) (K.L. Saigal ). | ||
| 650 |
_aMotion Picture Music _xExcerpts _zIndia _917691 |
||
| 700 |
_aNaushad _918044 |
||
| 700 |
_aKhumar _918068 |
||
| 942 |
_2ddc _cGR |
||
| 999 |
_c43548 _d43548 |
||